Educación cívica 2 /

Guardado en:
Autor Principal: Massun, Ignacio
Formato: Libro
Publicado: Buenos Aires : Métodos, 1994
Etiquetas: Agregar Etiqueta
Sin Etiquetas, Sea el primero en etiquetar este registro!
LEADER 00542nam a22001695a 4500
001 CEM.cems007537
005 20060214000000.0
008 130507s1994##################000#0#####d
003 CEMS
082 0 4 |a 320 
100 1 |a Massun, Ignacio 
245 1 0 |a Educación cívica 2 / 
260 |a Buenos Aires :  |b Métodos,  |c 1994 
300 |a 120 p. 
859 |a CEMS  |b BIB. CEMS - 11 de abril  |h 320  |i M389/II  |p 17600.94  |t Ej.1 
859 |a CEMS  |b BIB. CEMS - 11 de abril  |h 320  |i M389/II  |p 17601.94  |t Ej.2 
859 |a CEMS  |b BIB. CEMS - 11 de abril  |h 320  |i M389/II  |p 17602.94  |t Ej.3